Analele științifice ale Universității "Al. I. Cuza" din Iași. Serie nouă. Secțiunea IIb, Geologie.

Сохранить в:
Библиографические подробности
Новое заглавие:Analele științifice ale Universității "Al. I. Cuza" din Iași. Serie nouă. Secțiunea II, Biologie, geologie, geografie
Analele științifice ale Universității "Al. I. Cuza" din Iași. Serie nouă. Secțiunea IIc, Geografie
Analele științifice ale Universității "Al. I. Cuza" din Iași. Serie nouă. Secțiunea IIa, Biologie
Предыдущее заглавие:Analele științifice ale Universității "Al. I. Cuza" din Iași. Serie nouă. Secțiunea II. Științe naturale B, Geologie-geografie
Соавтор: Universitatea "Al. I. Cuza" din Iași
Формат: Серия
Язык:Romanian
Опубликовано: Iași : Universitatea,.
Предметы:
LEADER 02638nas a2200481 a 4500
001 c000156980
003 CARM
005 20020827143003.0
008 910827d19691974rm arz 0 b0rum
010 |a 72623434 //r91 
010 |z sn 85019670 
019 1 |a 8337086  |5 LACONCORD2021 
022 |a 0365-6594 
030 |a ASBGCH 
035 |a (OCoLC)4800370  |5 LACONCORD2021 
040 |a LC  |b eng  |c LC 
041 0 |a rum  |b engfregerrus 
042 |a lc  |a nsdp 
043 |a e-rm--- 
050 0 0 |a QE267.R6  |b J36 
210 0 |a An. științ. Univ. "Al. I. Cuza" Iași, Secț. 2b 
222 0 |a Analele științifice ale Universității "Al. I. Cuza" din Iași. Secțiunea 2b: Geologie 
245 0 0 |a Analele științifice ale Universității "Al. I. Cuza" din Iași.  |n Serie nouă.  |n Secțiunea IIb,  |p Geologie. 
246 3 0 |a Geologie 
260 |a Iași :  |b Universitatea,. 
300 |a v. :  |b ill., maps ;  |c 24 cm. 
310 |a Annual 
362 1 |a Began in 1969. 
500 |a Description based on: Tomul 17 (anul 1971). 
510 2 |a GeoRef  |x 0197-7482 
546 |a In Romanian; summaries in English, French, German, and Russian. 
580 |a Merged with: Analele științifice ale Universității "Al. I. Cuza" din Iași. Serie nouă. Secțiunea II. Științe naturale A, Biologie; and Analele științifice ale Universității "Al. I. Cuza" din Iași. Serie nouă. Secțiunea IIc, Geografie, to form: Analele științifice ale Universității "Al. I. Cuza" din Iași. Serie nouă. Secțiunea II, Biologie, geologie, geografie. 
650 0 |a Geology  |z Romania  |x Periodicals. 
710 2 |a Universitatea "Al. I. Cuza" din Iași. 
780 0 1 |t Analele științifice ale Universității "Al. I. Cuza" din Iași. Serie nouă. Secțiunea II. Științe naturale B, Geologie-geografie  |x 0448-9098  |w (OCoLC)11009614  |w (DLC) 91656115 
785 1 7 |t Analele științifice ale Universității "Al. I. Cuza" din Iași. Serie nouă. Secțiunea II, Biologie, geologie, geografie  |x 0250-2895  |w (DLC) 81641263  |w (OCoLC)7402729 
785 1 7 |t Analele științifice ale Universității "Al. I. Cuza" din Iași. Serie nouă. Secțiunea IIc, Geografie  |w (OCoLC)11009531 
785 1 7 |t Analele științifice ale Universității "Al. I. Cuza" din Iași. Serie nouă. Secțiunea IIa, Biologie  |w (OCoLC)6208987  |w (DLC) 91656114 
852 8 |b CARM  |h A2:AL15F0  |i C05333  |p 0206337  |f SE 
866 0 |a 15(1969)-20(1974) 
866 0 |a 15(1969)-20(1974) 
999 f f |i 716d8ca8-9d38-5c4f-964e-2f4fa1c07cdc  |s 98cb75e9-f3e0-5afc-8349-f9788228d9e6 
952 f f |p Can circulate  |a CAVAL  |b CAVAL  |c CAVAL  |d CARM 1 Store  |e C05333  |f A2:AL15F0  |h Other scheme  |i book  |k 15(1969)-20(1974)  |m 0206337